Harry Potter Named Creatures - Statistics

General Stats
  • This quiz has been taken 62 times
    43 since last reset
  • The average score is 25 of 27
Answer Stats
Character Answer % Correct
Crookshanks Cat / Kneazle
100%
Nearly Headless Nick Ghost
100%
Grey Lady Ghost
100%
Kreacher House Elf
100%
Winky House Elf
100%
Dobby House Elf
100%
Errol Owl
100%
Hedwig Owl
100%
Pigwidgeon Owl (Miniature)
100%
Peeves Poltergeist / Ghost
100%
Arnold Pygmy Puff / Owl
100%
Nagini Snake / Maledictus
100%
Firenze Centaur
97%
Fang Dog (Mastiff)
97%
Norbert(a) Dragon
97%
Gornuk Goblin
97%
Griphook Goblin
97%
Bogrod Goblin
97%
Buckbeak Hippogriff
97%
Fawkes Phoenix
97%
Grawp Giant
93%
Scabbers Rat / Animagus
93%
Trevor Toad
93%
Fenrir Greyback Werewolf
93%
Aragog Acromantula
77%
Binky Bunny (Lavender's pet at home)
50%
Credence Obscurial
27%
No matching quizzes found
Score Distribution
Percent of People with Each Score
Percentile by Number Answered
Your Score History
You have not taken this quiz since the last reset